[Event "Mumbai One Wealth op 04"]
[Site "Mumbai"]
[Date "2024.03.13"]
[Round "3"]
[White "Muthe, Dhruv"]
[Black "Kapadi, Yash"]
[Result "0-1"]
[WhiteElo "1539"]
[BlackElo "1779"]
[PlyCount "70"]
[EventDate "2024.03.11"]
[EventType "swiss"]
[EventRounds "7"]
[EventCountry "IND"]
[SourceTitle "EXT 2025"]
[Source "ChessBase"]
[SourceDate "2024.10.14"]
[SourceVersion "1"]
[SourceVersionDate "2024.10.14"]
[SourceQuality "1"]

1. e4 d6 2. d4 Nf6 3. Bd3 e5 4. dxe5 dxe5 5. Nf3 c6 6. b3 Bb4+ 7. c3 Bd6 8. h3 0-0 9. Bb2 Nbd7 10. Nbd2 Nc5 11. Bc2 Qe7 12. Qe2 b6 13. Rd1 Ba6 14. c4 Rfe8 15. 0-0 Ne6 16. g3 Nf8 17. Nh4 g6 18. Rfe1 Bc8 19. Kh2 Bb4 20. Rg1 h5 21. Ndf3 Bd6 22. Qd2 Bc7 23. Qh6 N8h7 24. Rd2 Qe6 25. Nf5 gxf5 26. exf5 Ng4+ 27. hxg4 Qxh6 28. g5 Nxg5 29. Nxg5 Qxg5 30. Bc1 Qf6 31. g4 Qh4+ 32. Kg2 e4 33. gxh5 Bxf5 34. Kf1+ Kh7 35. Bb2 Be5 0-1

[Event "Mumbai Transganization op"]
[Site "Mumbai"]
[Date "2024.01.27"]
[Round "5"]
[White "Muthe, Dhruv"]
[Black "Maniar, Hriday"]
[Result "0-1"]
[WhiteElo "1169"]
[BlackElo "1334"]
[PlyCount "140"]
[EventDate "2024.01.25"]
[EventType "swiss"]
[EventRounds "8"]
[EventCountry "IND"]
[SourceTitle "CBM 218 Extra"]
[Source "ChessBase"]
[SourceDate "2024.03.31"]
[SourceVersion "1"]
[SourceVersionDate "2024.03.31"]
[SourceQuality "1"]

1. e4 e6 2. d3 d5 3. Nd2 c5 4. g3 Nc6 5. Bg2 Nf6 6. Ngf3 Be7 7. 0-0 0-0 8. e5 Nd7 9. Re1 Qc7 10. Qe2 Re8 11. Nf1 Nf8 12. Bf4 Ng6 13. h4 Nxf4 14. gxf4 Kh8 15. Ng5 Bxg5 16. hxg5 Nd4 17. Qd1 Nf5 18. Ne3 d4 19. Ng4 Nh4 20. Be4 Ng6 21. Qf3 Bd7 22. Qg3 Rg8 23. Bxg6 fxg6 24. Kg2 Bc6+ 25. f3 Qf7 26. Rh1 Rgf8 27. Qh2 Qg8 28. Qg3 Qf7 29. Rh3 Qxf4 30. Rah1 Qxg3+ 31. Rxg3 Rf4 32. Nf2 Raf8 33. Ne4 c4 34. Rgh3 Bd5 35. Rxh7+ Kg8 36. Rh8+ Kf7 37. Rxf8+ Kxf8 38. Kg3 Rf5 39. f4 Bxe4 40. dxe4 Rf7 41. Rh8+ Ke7 42. Rb8 b6 43. Kf3 Kd7 44. b3 Kc7 45. Ra8 Kb7 46. Rd8 d3 47. cxd3 c3 48. Ke2 Rxf4 49. Rd7+ Kc6 50. Rxg7 Rf2+ 51. Kd1 Rxa2 52. Rxg6 Rd2+ 53. Kc1 Kb5 54. Rxe6 Kb4 55. Rc6 Kxb3 56. e6 Rh2 57. Kd1 c2+ 58. Ke1 Rh1+ 59. Kd2 Rd1+ 60. Ke3 c1Q+ 61. Rxc1 Rxc1 62. d4 Kb4 63. Kf4 a5 64. Ke5 a4 65. Kd6 a3 66. Kd7 a2 67. e7 a1Q 68. d5 Qa4+ 69. Ke6 Kc5 70. Kf7 Rf1+ 0-1